000 00817nam a2200253 i 4500
003 DO-SdBNP
005 20250430131131.0
007 ta
008 250430b2024 dr ac||| |||| 00| 0 spa d
020 _a9789945645682
040 _aDO-SdBNP
_bspa
_cBNPHU
_erda
082 4 _axxx
_bxxx
_222
100 _aDíaz Guerra, Eduardo,
_d1954-
_eautor
_4aut.
_924872
245 1 0 _aMúsica del desierto /
_cEduardo Díaz Guerra
264 4 _aSanto Domingo :
_bAmigos Hogar,
_c©2025.
300 _a118 páginas :
_bilustraciones, retratos ;
_c21 cm.
336 _atexto
_btxt
_2rdacontent
337 _asin mediación
_bn
_2rdamedia
338 _avolumen
_bnc
_2rdacarrier
500 _aIncluye datos biográficos del autor en la solapa de la cubierta
590 _aInventariado, 2025/BT
910 _aBtavárez
942 _2ddc
_cLBS1
999 _c58459
_d58459